Mainstreams of mathematics
Kaydedildi:
| Yazar: | |
|---|---|
| Materyal Türü: | Kitap |
| Dil: | İngilizce |
| Baskı/Yayın Bilgisi: |
Reading
Addison-Wesley
1969
|
| Konular: | |
| Etiketler: |
Etiketle
Etiket eklenmemiş, İlk siz ekleyin!
|
MARC
| LEADER | 00000nam a2200000 a 4500 | ||
|---|---|---|---|
| 001 | UCP3002 | ||
| 003 | CL-VaPUC | ||
| 008 | 990604e19690000US |||||||||||||||||eng|d | ||
| 082 | 0 | 4 | |a 510 |b FRA |2 21 |
| 100 | 0 | |a Fraleigh, John B |e author |9 430062 | |
| 245 | 1 | 0 | |a Mainstreams of mathematics |
| 300 | |a 513 p | ||
| 942 | |c BK | ||
| 945 | |d 19990604 00:00:00 |a crobeson | ||
| 260 | |a Reading |b Addison-Wesley |c 1969 | ||
| 650 | 0 | |a Matemática |9 260235 | |
| 650 | 0 | |a Álgebra |9 259567 | |
| 650 | 0 | |a Funciones |9 263869 | |
| 650 | 0 | |a Integrales |9 260233 | |
| 650 | 0 | |a Geometría |9 264063 | |
| 650 | 0 | |a Vectores |9 317184 | |
| 650 | 0 | |a Topología |9 260092 | |
| 650 | 0 | |a Teoría de probabilidades |9 336944 | |
| 583 | |a last modification |c 19990604 00:00:00 |k Rodrigo Vera | ||
| 999 | |c 281455 |d 281453 | ||
| 952 | |0 0 |1 0 |4 0 |6 510_000000000000000_FRA_1969 |7 0 |8 A |9 322199 |a BIBMAT |b BIBMAT |d 2019-11-20 |i 1347098 |o 510 FRA 1969 |p 1347098 |r 2025-01-07 |w 2019-11-20 |y BK |k MAT | ||
| 952 | |0 0 |1 0 |4 0 |6 510_000000000000000_FRA_1969 |7 0 |8 A |9 322200 |a BIBMAT |b BIBMAT |d 2019-11-20 |i 1347101 |o 510 FRA 1969 |p 1347101 |r 2025-01-07 |w 2019-11-20 |y BK |k MAT | ||